00458nam a2200181 a 4500001001300000003000900013005001700022008004100039020001000080082001600090245001900106260004300125300000800168500003500176505001100211650002300222710003100245nice12345678IN_TiNIC20260116011705.0050524s1995 iraa grp 000 0 per  ac10000a491.53bDAB aLughat-Hai-Nau aIranbDabir Khana-I-Farhangistanc1995 a64p aincludes index and biblioraphy2 aThesis aDictionary-Persian2 aDabir Khana-I-Farhangistan